000 00708cab a2200193 4500
001 ABS44345
008 090401t1991 xxu||||| |||| 00| 0 eng d
035 _a(Sirsi) u46687
041 _aeng
245 _aMan of the year : Jack K Lemley
260 _c1991
350 _a0
490 _aEngineering News Record
_v226(8) 25 February 1991, 27032(4)
520 _aProfile of Jack Lemley , chief executive of Transmache-Link (TML) the Anglo-French company holding a turnkey contract to build an operating rail link between the two countries, voted Construction man of the year 1991 in the USA.
650 _aCHANNEL TUNNEL
690 _aTRANSPORT AND COMMUNICATIONS
942 _n0
948 _c04/03/1997
999 _c29517
_d29517